| 000 | 00766nam a22002297a 4500 | ||
|---|---|---|---|
| 005 | 20170124110044.0 | ||
| 010 | _aA-754320 | ||
| 020 | _c200.00 | ||
| 035 | _aA-754320 | ||
| 037 | _bCen Lib/Ret | ||
| 040 |
_aDPL _bEN |
||
| 082 |
_a781.3 _bLAK |
||
| 100 |
_aLakshmi, T. Seetharama _924264 |
||
| 245 |
_aA study the compositions of Purandaradasa and Tyagaraja / _cby T. Seetharama Lakshmi |
||
| 260 |
_aBanglore _bVeda Sruti Publications _c1994 |
||
| 270 |
_bBanglore _a234, 'Padmasudha', 11th B Cross, 20th Main, J. P. Nagar II Phase _e560078 |
||
| 300 |
_axx,399p. _c21cm(Hb) |
||
| 500 | _aIncludes bibliographical references | ||
| 650 |
_aMusical forms _924265 |
||
| 650 |
_aMusical compositions _924266 |
||
| 942 |
_2ddc _cEN _h781.3 _mLAK |
||
| 999 |
_c128737 _d128737 |
||